000
00252nam a2200109 a 4500
005
20140414132013.0
008
110314s19uu xx 00 eng d
050
_a
TR
_b
N28 1996
100
_a
Berry, Joy
245
_a
Needing attention.
999
_c
113320
_d
113320